Textbook of anatomy and physiology for nurses and allied health sciences / (Record no. 13550)

MARC details
000 -LEADER
fixed length control field 00808nam a22002417a 4500
005 - DATE AND TIME OF LATEST TRANSACTION
control field 20201128020815.0
008 - FIXED-LENGTH DATA ELEMENTS--GENERAL INFORMATION
fixed length control field 100301r20142009ii a fr 001 0 eng d
020 ## - INTERNATIONAL STANDARD BOOK NUMBER
International Standard Book Number 9788123916460
040 ## - CATALOGING SOURCE
Original cataloging agency EG-ScBUE
082 00 - DEWEY DECIMAL CLASSIFICATION NUMBER
Edition number 22
Classification number 611
Item number KHU
100 1# - MAIN ENTRY--PERSONAL NAME
9 (RLIN) 12077
Personal name Khurana, Indu.
245 ## - TITLE STATEMENT
Title Textbook of anatomy and physiology for nurses and allied health sciences /
Statement of responsibility, etc Indu Khurana, Arushi Khurana.
260 ## - PUBLICATION, DISTRIBUTION, ETC. (IMPRINT)
Place of publication, distribution, etc New Delhi :
Name of publisher, distributor, etc CBS Publishers & Distributors Pvt Ltd.,
Date of publication, distribution, etc 2014.
300 ## - PHYSICAL DESCRIPTION
Extent viii, 512 p. :
Other physical details ill. (col.) ;
Dimensions 27 cm.
500 ## - GENERAL NOTE
General note Index : p. 503-512.
500 ## - GENERAL NOTE
General note Reprinted from First edition 2009.
650 #0 - SUBJECT ADDED ENTRY--TOPICAL TERM
9 (RLIN) 2704
Topical term or geographic name as entry element Human anatomy.
650 #0 - SUBJECT ADDED ENTRY--TOPICAL TERM
9 (RLIN) 2250
Topical term or geographic name as entry element Human physiology.
653 ## - INDEX TERM--UNCONTROLLED
Resource For college Nursing
Arrived date list April2015
655 ## - INDEX TERM--GENRE/FORM
Form subdivision
-- 34232
700 1# - ADDED ENTRY--PERSONAL NAME
9 (RLIN) 12076
Personal name Khurana, Arushi.
942 ## - ADDED ENTRY ELEMENTS (KOHA)
Source of classification or shelving scheme Dewey Decimal Classification
Item type
Holdings
Withdrawn status Item status Source of classification or shelving scheme Damaged status Not for loan Vendor Home library Current library Shelving location Date acquired Source of acquisition Cost, normal purchase price Serial Enumeration / chronology Total Checkouts Total Renewals Full call number Barcode Date last seen Date last borrowed Koha item type Checked out Cost, replacement price
    Dewey Decimal Classification     Academic Bookshop Central Library Central Library First floor 01/03/2010   110.00 3698 31 8 611 KHU 000020029 07/04/2026 03/09/2024 NB - Book (Non borrowing)    
  Lost Dewey Decimal Classification     ايمك Central Library Central Library First floor 19/04/2015   244.00 2446 8 14 611 KHU 000038027 24/09/2018 24/09/2018 Book - Borrowing 04/10/2018 305.00
    Dewey Decimal Classification     ايمك Central Library Central Library First floor 19/04/2015   244.00 2446 12 39 611 KHU 000038028 11/06/2024 11/06/2024 Book - Borrowing 08/01/2025 305.00